00442nam a2200169Ia 4500003000400000005001700004008004100021020001800062040000700080041000800087082001600095100004000111245004800151260004400199300001600243365001300259OSt20230419093234.0210423s2011 xx 000 0 und d a9789350248669 cAL aeng a300.72 KRIO aKRISHNASWAMI (O R);RANGANATHAM (M). aMethodology of research in social sciences. aMumbaibHimalaya Publishing Housec2011 axii,445bPB b275cINR